High temperature superconductivity : (Record no. 2452)

MARC details
000 -LEADER
fixed length control field 01312nac a22003131i 4500
003 - CONTROL NUMBER IDENTIFIER
control field EG-ScBUE
005 - DATE AND TIME OF LATEST TRANSACTION
control field 20250624085337.0
008 - FIXED-LENGTH DATA ELEMENTS--GENERAL INFORMATION
fixed length control field 250618t1991 enka f b 001 0 eng d
020 ## - INTERNATIONAL STANDARD BOOK NUMBER
International Standard Book Number 0750301716
020 ## - INTERNATIONAL STANDARD BOOK NUMBER
International Standard Book Number 9780750301718
035 ## - SYSTEM CONTROL NUMBER
System control number (OCoLC)30940238
040 ## - CATALOGING SOURCE
Original cataloging agency EG-ScBUE
Language of cataloging eng
Description conventions rda
Transcribing agency EG-ScBUE
Modifying agency EG-ScBUE
082 04 - DEWEY DECIMAL CLASSIFICATION NUMBER
Classification number 537.623
Item number SCO
Edition number 22
111 2# - MAIN ENTRY--MEETING NAME
Meeting name or jurisdiction name as entry element Scottish Universities Summer School in Physics
Number of part/section/meeting (39th :
Date of meeting 1991 :
Location of meeting St. Andrews, Scotland)
245 10 - TITLE STATEMENT
Title High temperature superconductivity :
Remainder of title proceedings of the thirty-ninth Scottish Universities Summer School in Physics, St. Andrews, June 1991 /
Statement of responsibility, etc edited by D. P. Tunstall, St Andrews University and W. Barford, Sheffield University.
264 #1 - PUBLICATION, DISTRIBUTION, ETC. (IMPRINT)
Place of publication, distribution, etc Bristol :
Name of publisher, distributor, etc Scottish Universities Summer School in Physics & Adam Hilger,
Date of publication, distribution, etc [1991]
264 #4 - PUBLICATION, DISTRIBUTION, ETC. (IMPRINT)
Date of publication, distribution, etc c1991
300 ## - PHYSICAL DESCRIPTION
Extent 404 pages :
Other physical details illustrations ;
Dimensions 24 cm.
336 ## - CONTENT TYPE
Source rdacontent
Content type term text
Content type code txt
337 ## - MEDIA TYPE
Media type term unmediated
Source rdamedia
Media type code n
338 ## - CARRIER TYPE
Carrier type term volume
Carrier type code nc
Source rdacarrier
490 0# - SERIES STATEMENT
Series statement SUSSP publications
504 ## - BIBLIOGRAPHY, ETC. NOTE
Bibliography, etc Includes bibliographical references and index.
650 #7 - SUBJECT ADDED ENTRY--TOPICAL TERM
Topical term or geographic name as entry element High temperature superconductivity
General subdivision Congresses.
Source of heading or term BUEsh
655 ## - INDEX TERM--GENRE/FORM
Form subdivision Reading book
700 1# - ADDED ENTRY--PERSONAL NAME
Personal name Tunstall, D. P.
Fuller form of name (David Prestwich),
Dates associated with a name 1939-
Relator term editor.
700 1# - ADDED ENTRY--PERSONAL NAME
Personal name Barford, W.
Fuller form of name (William),
Relator term editor.
942 ## - ADDED ENTRY ELEMENTS (KOHA)
Koha item type Book - Borrowing
Source of classification or shelving scheme Dewey Decimal Classification
Holdings
Withdrawn status Lost status Source of classification or shelving scheme Damaged status Not for loan Collection code Home library Current library Shelving location Date acquired Source of acquisition Total Checkouts Full call number Barcode Date last seen Price effective from Koha item type
    Dewey Decimal Classification     Baccah Central Library Central Library First floor 21/02/2007 Purchase   537.623 SCO 000001668 15/07/2025 21/02/2007 Book - Borrowing